书目信息 |
| 题名: |
理论力学
|
|
| 作者: | 肖明葵 主编 | |
| 分册: | ||
| 出版信息: | 北京 机械工业出版社 2007.09 |
|
| 页数: | 493页 | |
| 开本: | 24cm | |
| 丛书名: | ||
| 单 册: | ||
| 中图分类: | O31 | |
| 科图分类: | ||
| 主题词: | 理论力学--li lun li xue--高等教育--教材 | |
| 电子资源: | ||
| ISBN: | 978-7-111-21841-8 | |
| 000 | 00919nam0 2200253 450 | |
| 001 | 012008757697 | |
| 005 | 20080112152306.00 | |
| 010 | @a978-7-111-21841-8@dCNY35.00 | |
| 100 | @a20080111d2007 em y0chiy0120 ea | |
| 101 | 0 | @achi |
| 102 | @aCN@b110000 | |
| 105 | @aa a 000yy | |
| 106 | @ar | |
| 200 | 1 | @a理论力学@Ali lun li xue@f肖明葵主编@Fxiao ming kui zhu bian |
| 210 | @a北京@c机械工业出版社@d2007.09 | |
| 215 | @a493页@c图@d24cm | |
| 300 | @a普通高等教育规划教材 | |
| 320 | @a有书目 | |
| 330 | @a本书分为三篇共19章,第1篇静力学,包括静力学基本原理、力系的合成和平衡的理论及其工程应用;第2篇运动学,包括点的运动、刚体的基本运动、点的合成运动和刚体的平面运动的原理及其基本规律;第3篇动力学,包括力学三大普遍定理等。 | |
| 606 | 0 | @a理论力学@Ali lun li xue@x高等教育@j教材 |
| 690 | @aO31@v4 | |
| 701 | 0 | @a肖明葵@Axiao ming kui@4主编 |
| 801 | 0 | @aCN@bQSSK@c20080112 |
| 905 | @b277300-02@dO31@eX293@f3 | |
| 理论力学/肖明葵主编.-北京:机械工业出版社,2007.09 |
| 493页:图;24cm |
| 普通高等教育规划教材 |
| ISBN 978-7-111-21841-8:CNY35.00 |
| 本书分为三篇共19章,第1篇静力学,包括静力学基本原理、力系的合成和平衡的理论及其工程应用;第2篇运动学,包括点的运动、刚体的基本运动、点的合成运动和刚体的平面运动的原理及其基本规律;第3篇动力学,包括力学三大普遍定理等。 |
| ● |
| 相关链接 |
|
|
|
正题名:理论力学
索取号:O31/X293
 
预约/预借
| 序号 | 登录号 | 条形码 | 馆藏地/架位号 | 状态 | 备注 |
| 1 | 277300 | 202773007 | 自科库401/401自科库 51排5列5层/ [索取号:O31/X293] | 在馆 | |
| 2 | 277301 | 202773016 | 自科库401/401自科库 51排5列5层/ [索取号:O31/X293] | 在馆 | |
| 3 | 277302 | 202773025 | 自科库401/401自科库 51排5列5层/ [索取号:O31/X293] | 在馆 |